Вып. 9 : Космические лучи; Проблемы современной физики

書誌詳細
Parent link:Проблемы современной физики: сборник сокращенных переводов и рефератов иностранной периодической литературы. Вып. 9 : Космические лучи.— , 1948, 1950-1959
言語:ロシア語
出版事項: 1951
フォーマット: MixedMaterials 図書
KOHA link:https://koha.lib.tpu.ru/cgi-bin/koha/opac-detail.pl?biblionumber=531847

MARC

LEADER 00000nam2a2200000 4500
001 531847
005 20231101112757.0
035 |a (RuTPU)RU\TPU\prd\218370 
035 |a RU\TPU\prd\218369 
090 |a 531847 
100 |a 20140421b1951 k y0rusy50 ca 
101 0 |a rus 
102 |a RU 
200 0 |a Вып. 9 : Космические лучи 
210 |d 1951 
461 1 |0 (RuTPU)RU\TPU\prd\920  |t Проблемы современной физики  |o сборник сокращенных переводов и рефератов иностранной периодической литературы  |v Вып. 9 : Космические лучи  |d 1948, 1950-1959 
801 0 |a RU  |b 63413507  |c 20010227  |g PSBO 
801 1 |a RU  |b 63413507  |c 20140418 
801 2 |a RU  |b 63413507  |c 20220519  |g RCR 
942 |c BK 
999 |a НТБ_ТПУ  |b НФ  |e -4/20140109  |p П-5683  |u 0,00  |v 1